Escudos das Equipes do Brasileirão Série C - Edição 2026 - Statistics

Estatísticas Gerais
  • Esse quiz foi jogado 83 vezes
  • A pontuação média é 16 de 18
Estatísticas das Respostas
Imagem Resposta % Correto
Figueirense - SC
100%
Santa Cruz - PE
100%
Botafogo - PB
99%
Paysandu - PA
99%
Volta Redonda - RJ
99%
Amazonas - AM
97%
Ferroviária - SP
97%
Guarani - SP
97%
Ituano - SP
96%
Maringá - PR
87%
Caxias do Sul - RS
82%
Confiança - SE
82%
Ypiranga - RS
82%
Inter de Limeira - SP
79%
Barra - SC
75%
Maranhão - MA
62%
Anápolis - GO
60%
Itabaiana - SE
59%
Nenhum quiz correspondente encontrado
Distribuição das Pontuações
Porcentagem de Pessoas com Cada Pontuação
Percentil de Números Respondidos
Sua Pontuação Histórica
Você não jogou esse quiz